01106nam a2200289Ia 4500001001200000003000800012006001900020007001500039008004100054020002700095020002400122040002100146035002100167050002500188082001600213245011000229260003600339300001600375490002100391533015200412650002100564650002400585655002900609710001700638830003500655856012600690ebr10196639CaPaEBRm u cr cn|||||||||060621s2007 enk s 000 0 eng d z9780713681482 (pbk.) : z0713681489 (pbk.) : aCaPaEBRcCaPaEBR a(OCoLC)61447008414aHD30.23b.M35 2007eb04a658.40322200aMake effective decisionsh[electronic resource] :bhow to weigh up the options and make the right choice. aLondon :bA. & C. Black,c2007. aviii, 86 p.1 aSteps to success aElectronic reproduction.bPalo Alto, Calif. :cebrary,d2009.nAvailable via World Wide Web.nAccess may be limited to ebrary affiliated libraries. 0aDecision making. 0aChoice (Psychology) 7aElectronic books.2local2 aebrary, Inc. 0aSteps to success (A & C Black)40uhttp://site.ebrary.com/lib/rucke/Doc?id=10196639zAn electronic book accessible through the World Wide Web; click to view